О Граде Божием: в 22 кн.

التفاصيل البيبلوغرافية
المؤلف الرئيسي: Августин Блаженный
الملخص:Репринтное воспроизведение изд. 1905-1910
اللغة:الروسية
منشور في: Москва, Изд-во Спасо-Преображенского Валаамского монастыря, 1994-
التنسيق: كتاب
KOHA link:https://koha.lib.tpu.ru/cgi-bin/koha/opac-detail.pl?biblionumber=74108

MARC

LEADER 00000nam1a2200000 4500
001 74108
005 20231031084923.0
035 |a (RuTPU)RU\TPU\book\79043 
090 |a 74108 
100 |a 20050228d1994 m y0rusy50 ca 
101 0 |a rus 
102 |a RU 
200 1 |a О Граде Божием  |e в 22 кн.  |f Августин Блаженный 
210 |a Москва  |c Изд-во Спасо-Преображенского Валаамского монастыря  |d 1994- 
300 |a Репринтное воспроизведение изд. 1905-1910 
700 1 |a Августин Блаженный 
801 1 |a RU  |b 63413507  |c 20050228  |g PSBO 
942 |c BK